[Event "Asker-ch A"]
[Site "Asker"]
[Date "2018.02.22"]
[Round "2"]
[White "Nydal, Roar"]
[Black "Lilleseth, Eivind"]
[Result "0-1"]
[WhiteElo "1528"]
[BlackElo "1623"]
[PlyCount "108"]
[EventDate "2018.02.19"]
[EventType "swiss"]
[EventRounds "9"]
[EventCountry "NOR"]
[SourceTitle "EXT 2023"]
[Source "ChessBase"]
[SourceDate "2022.10.05"]
[SourceVersion "1"]
[SourceVersionDate "2022.10.05"]
[SourceQuality "1"]

1. d4 Nf6 2. c4 c5 3. e3 g6 4. Nf3 Bg7 5. Nc3 cxd4 6. exd4 d6 7. Be2 Nc6 8. 0-0 0-0 9. Re1 Bd7 10. d5 Nb8 11. Bd3 b6 12. Qc2 Na6 13. a3 Nc5 14. Bf1 Re8 15. b4 Nb7 16. Bb2 Qc7 17. a4 a6 18. Nd2 e5 19. Nce4 Nxd5 20. Qb3 Nf6 21. Nxf6+ Bxf6 22. Ne4 Bg7 23. Rac1 Bh6 24. Nf6+ Kf8 25. Nxe8 Rxe8 26. Rc2 a5 27. c5 bxc5 28. bxc5 Nxc5 29. Qa3 f6 30. Bc1 Kg7 31. Bxh6+ Kxh6 32. Rc4 Qb6 33. Rh4+ Kg7 34. Qe3 g5 35. Rh5 Qb3 36. Qxb3 Nxb3 37. Bd3 Rh8 38. f3 Bxa4 39. Rb1 h6 40. Bc2 Rb8 41. Rh3 Rb4 42. f4 Nc5 43. Rxb4 axb4 44. Bxa4 Nxa4 45. Rb3 exf4 46. Rxb4 Nc3 47. Kf1 Nd5 48. Rb7+ Kg6 49. Kf2 g4 50. g3 f3 51. Rd7 Nc3 52. Ke3 d5 53. Ra7 d4+ 54. Kxd4 Nb5+ 0-1

[Event "Asker CC-ch Master"]
[Site "Asker"]
[Date "2017.05.08"]
[Round "9"]
[White "Lilleseth, Eivind"]
[Black "Omland, Harald"]
[Result "1-0"]
[WhiteElo "1655"]
[BlackElo "1639"]
[PlyCount "67"]
[EventDate "2017.01.09"]
[EventType "tourn"]
[EventRounds "9"]
[EventCountry "NOR"]
[SourceTitle "EXT 2024"]
[Source "ChessBase"]
[SourceDate "2023.10.10"]
[SourceVersion "1"]
[SourceVersionDate "2023.10.10"]
[SourceQuality "1"]

1. f4 e5 2. fxe5 d6 3. Nf3 dxe5 4. e4 Nf6 5. d3 Nc6 6. Qe2 Bc5 7. Bg5 Bg4 8. c3 a6 9. Nbd2 b5 10. Be3 Qd6 11. Qf2 Ba7 12. Nb3 0-0 13. Be2 Nd7 14. 0-0 Rfd8 15. Rad1 Qe7 16. Bxa7 Nxa7 17. Qg3 Bxf3 18. Rxf3 c5 19. Rdf1 Rf8 20. h4 Nc8 21. Na1 Nd6 22. Nc2 c4 23. Ne3 cxd3 24. Bxd3 Nc5 25. Nf5 Nxf5 26. Rxf5 Nxd3 27. Qxd3 Qxh4 28. Qd6 Qd8 29. Qxe5 Qb6+ 30. Kh1 Rad8 31. Qf4 Rd6 32. g3 Qc7 33. Kg2 Rd2+ 34. Qxd2 1-0

[Event "Asker CC-ch Master"]
[Site "Asker"]
[Date "2017.02.13"]
[Round "4"]
[White "Aulin Jansson, Joran"]
[Black "Lilleseth, Eivind"]
[Result "1-0"]
[WhiteElo "2278"]
[BlackElo "1655"]
[PlyCount "57"]
[EventDate "2017.01.09"]
[EventType "tourn"]
[EventRounds "9"]
[EventCountry "NOR"]
[SourceTitle "EXT 2024"]
[Source "ChessBase"]
[SourceDate "2023.10.10"]
[SourceVersion "1"]
[SourceVersionDate "2023.10.10"]
[SourceQuality "1"]

1. e4 Nf6 2. Nc3 c6 3. d4 d5 4. e5 Nfd7 5. f4 e6 6. Nf3 c5 7. Be3 Nc6 8. Qd2 a6 9. Be2 b5 10. g4 cxd4 11. Nxd4 Bb7 12. Bf3 Bb4 13. a3 Ba5 14. b4 Bb6 15. Nce2 Nxd4 16. Nxd4 Bxd4 17. Bxd4 Nb6 18. Bc5 Nc4 19. Qf2 Qd7 20. 0-0 Nb2 21. Qd4 Na4 22. Bd6 Rc8 23. Rf2 Rc4 24. Qd2 f6 25. Re1 Kf7 26. f5 Re8 27. g5 Kg8 28. gxf6 gxf6 29. Qh6 1-0

[Event "Asker Autumn Master"]
[Site "Asker"]
[Date "2016.10.31"]
[Round "6"]
[White "Andersen, Guttorm"]
[Black "Lilleseth, Eivind"]
[Result "1/2-1/2"]
[WhiteElo "1836"]
[BlackElo "1740"]
[PlyCount "75"]
[EventDate "2016.08.29"]
[EventType "tourn"]
[EventRounds "9"]
[EventCountry "NOR"]
[SourceTitle "EXT 2024"]
[Source "ChessBase"]
[SourceDate "2023.10.10"]
[SourceVersion "1"]
[SourceVersionDate "2023.10.10"]
[SourceQuality "1"]

1. c4 Nf6 2. d4 c5 3. d5 b5 4. cxb5 a6 5. bxa6 Bxa6 6. Nc3 d6 7. e4 Bxf1 8. Kxf1 g6 9. Nge2 Bg7 10. g3 Nbd7 11. Kg2 Qb6 12. Qc2 Ng4 13. f3 Nge5 14. f4 Nc4 15. Na4 Qa6 16. Nec3 Ndb6 17. Nxb6 Nxb6 18. b3 c4 19. Bb2 cxb3 20. axb3 Qb7 21. Rxa8+ Nxa8 22. Ne2 0-0 23. Bxg7 Kxg7 24. Nd4 Rc8 25. Nc6 Nb6 26. Ra1 f6 27. Kh1 Kf8 28. g4 Nd7 29. b4 Nb8 30. b5 Nd7 31. Qb2 Ra8 32. Rxa8+ Qxa8 33. g5 Qa4 34. Nd4 Qd1+ 35. Kg2 Qg4+ 36. Kh1 Qd1+ 37. Kg2 Qg4+ 38. Kh1 1/2-1/2

[Event "Asker Autumn Master"]
[Site "Asker"]
[Date "2016.09.26"]
[Round "4"]
[White "Odegaard, Per"]
[Black "Lilleseth, Eivind"]
[Result "1-0"]
[WhiteElo "1935"]
[BlackElo "1740"]
[PlyCount "55"]
[EventDate "2016.08.29"]
[EventType "tourn"]
[EventRounds "9"]
[EventCountry "NOR"]
[SourceTitle "EXT 2024"]
[Source "ChessBase"]
[SourceDate "2023.10.10"]
[SourceVersion "1"]
[SourceVersionDate "2023.10.10"]
[SourceQuality "1"]

1. e4 e5 2. f4 d6 3. Nf3 Bg4 4. Bc4 Nf6 5. fxe5 dxe5 6. Bxf7+ Ke7 7. Bb3 Qd6 8. d3 Nc6 9. Be3 Rd8 10. Nbd2 Kd7 11. Nc4 Qe7 12. 0-0 Kc8 13. Qe1 Kb8 14. Na5 Bd7 15. Nxc6+ Bxc6 16. Qa5 b6 17. Nxe5 bxa5 18. Nxc6+ Kb7 19. Nxe7 Bxe7 20. Bg5 h6 21. Bh4 g5 22. Be1 Kb6 23. Bc3 Rhf8 24. Rf5 c5 25. Raf1 Nh5 26. g3 Rxf5 27. Rxf5 Rf8 28. Bf7 1-0

[Event "Asker Autumn Master"]
[Site "Asker"]
[Date "2016.09.12"]
[Round "2"]
[White "Grondahl, David A"]
[Black "Lilleseth, Eivind"]
[Result "1-0"]
[WhiteElo "1641"]
[BlackElo "1740"]
[PlyCount "55"]
[EventDate "2016.08.29"]
[EventType "tourn"]
[EventRounds "9"]
[EventCountry "NOR"]
[SourceTitle "EXT 2024"]
[Source "ChessBase"]
[SourceDate "2023.10.10"]
[SourceVersion "1"]
[SourceVersionDate "2023.10.10"]
[SourceQuality "1"]

1. e4 Nf6 2. Nc3 c6 3. e5 Nd5 4. Bc4 e6 5. Nf3 d6 6. d4 Nxc3 7. bxc3 d5 8. Bd3 Nd7 9. Ng5 h6 10. Qh5 hxg5 11. Qxh8 c5 12. Bb5 a6 13. Bxd7+ Bxd7 14. 0-0 Qa5 15. Bxg5 Qxc3 16. Rfd1 Bb5 17. a4 Be2 18. Re1 c4 19. h4 Qxc2 20. h5 Bd3 21. h6 gxh6 22. Bxh6 Ke7 23. Bc1 Kd7 24. Ba3 Bxa3 25. Qxa8 Qxa4 26. Qxb7+ Ke8 27. Re3 Kf8 28. Rg3 1-0

[Event "Asker CC-ch Master"]
[Site "Asker"]
[Date "2016.05.09"]
[Round "9"]
[White "Odegaard, Per"]
[Black "Lilleseth, Eivind"]
[Result "1-0"]
[WhiteElo "1706"]
[BlackElo "1582"]
[PlyCount "47"]
[EventDate "2016.01.11"]
[EventType "swiss"]
[EventRounds "9"]
[EventCountry "NOR"]
[SourceTitle "EXT 2024"]
[Source "ChessBase"]
[SourceDate "2023.10.10"]
[SourceVersion "1"]
[SourceVersionDate "2023.10.10"]
[SourceQuality "1"]

1. e4 Nf6 2. e5 Nd5 3. d4 d6 4. f4 dxe5 5. fxe5 Bf5 6. c4 Nb6 7. Nf3 e6 8. Nc3 Nc6 9. Be3 Be7 10. a3 Bh4+ 11. g3 Be7 12. Bd3 Bh3 13. Qc2 Na5 14. 0-0-0 Qd7 15. d5 Nbxc4 16. Bxc4 Nxc4 17. dxe6 Qxe6 18. Nd5 Qc6 19. Bf4 Bc5 20. Qxc4 Be3+ 21. Nxe3 Qxf3 22. Qc5 Rd8 23. Rxd8+ Kxd8 24. Rd1+ 1-0

[Event "Oslo Stjernens op"]
[Site "Oslo"]
[Date "2016.03.12"]
[Round "3"]
[White "Afsari Rad, Aidin"]
[Black "Lilleseth, Eivind"]
[Result "1-0"]
[WhiteElo "1656"]
[BlackElo "1803"]
[PlyCount "36"]
[EventDate "2016.03.11"]
[EventType "swiss"]
[EventRounds "5"]
[EventCountry "NOR"]
[SourceTitle "EXT 2019"]
[Source "ChessBase"]
[SourceDate "2018.10.10"]
[SourceVersion "1"]
[SourceVersionDate "2018.10.10"]
[SourceQuality "1"]

1. d4 f5 2. Nc3 Nf6 3. Bg5 e6 4. e4 h6 5. Bxf6 Qxf6 6. a3 a6 7. Nf3 d6 8. Bd3 Nc6 9. 0-0 f4 10. Re1 e5 11. Nd5 Qd8 12. dxe5 Nxe5 13. Nxe5 dxe5 14. Qh5+ Kd7 15. Qxe5 Bd6 16. Qxg7+ Kc6 17. Qc3+ Kd7 18. e5 Be7 1-0

[Event "Oslo Stjernens op"]
[Site "Oslo"]
[Date "2016.03.11"]
[Round "1"]
[White "Lilleseth, Eivind"]
[Black "Pena Riasco, Alexander"]
[Result "0-1"]
[WhiteElo "1803"]
[BlackElo "2104"]
[PlyCount "120"]
[EventDate "2016.03.11"]
[EventType "swiss"]
[EventRounds "5"]
[EventCountry "NOR"]
[SourceTitle "EXT 2019"]
[Source "ChessBase"]
[SourceDate "2018.10.10"]
[SourceVersion "1"]
[SourceVersionDate "2018.10.10"]
[SourceQuality "1"]

1. f4 d5 2. Nf3 Bf5 3. e3 e6 4. b3 Nf6 5. Bb2 Be7 6. a4 0-0 7. Na3 c5 8. Be2 h6 9. d3 Nc6 10. 0-0 Qa5 11. Ne5 Nxe5 12. fxe5 Ne8 13. c4 dxc4 14. Nxc4 Qd8 15. e4 Bh7 16. Rf3 b6 17. Qc2 a6 18. Ne3 b5 19. Ba3 Rc8 20. Kf2 Bg6 21. Bb2 Nc7 22. Bc3 Na8 23. Ra2 Nb6 24. Ba5 Qc7 25. h3 Rb8 26. Ra1 Qxe5 27. Rc1 Nd7 28. axb5 axb5 29. Bc3 Qc7 30. Rh1 Ne5 31. Bxe5 Qxe5 32. g4 Bh4+ 33. Kg2 Ra8 34. Rb1 Rfc8 35. Qb2 Qd6 36. b4 c4 37. Nf1 cxd3 38. Bxd3 Bf6 39. Qe2 Qe5 40. Nd2 Bg5 41. Nb3 Rc3 42. Nc5 Rca3 43. Rb2 Be7 44. Bb1 Bxc5 45. bxc5 Rxf3 46. Kxf3 Ra3+ 47. Bd3 Rxd3+ 48. Qxd3 Qxb2 49. c6 Qh2 50. Qd8+ Kh7 51. c7 Qxh3+ 52. Kf2 Qh2+ 53. Ke3 Qg1+ 54. Kd2 Qf2+ 55. Kc1 Qe1+ 56. Kb2 Qb4+ 57. Kc1 Qc3+ 58. Kb1 Bxe4+ 59. Ka2 Bb7 60. g5 hxg5 0-1

[Event "Asker CC-ch Master"]
[Site "Asker"]
[Date "2016.02.15"]
[Round "4"]
[White "Lilleseth, Eivind"]
[Black "Rambo, Jan Bjarne"]
[Result "0-1"]
[WhiteElo "1582"]
[BlackElo "1704"]
[PlyCount "100"]
[EventDate "2016.01.11"]
[EventType "swiss"]
[EventRounds "9"]
[EventCountry "NOR"]
[SourceTitle "EXT 2024"]
[Source "ChessBase"]
[SourceDate "2023.10.10"]
[SourceVersion "1"]
[SourceVersionDate "2023.10.10"]
[SourceQuality "1"]

1. f4 d5 2. Nf3 Bg4 3. e3 Nf6 4. Be2 Nc6 5. Bb5 Qd7 6. Qe2 a6 7. Bxc6 Qxc6 8. d3 Bxf3 9. gxf3 g6 10. b3 Bg7 11. Bb2 Nh5 12. d4 Qe6 13. Nc3 0-0 14. Na4 b6 15. Kd2 c5 16. c3 c4 17. Rae1 Rac8 18. Rhg1 Bh6 19. Rg4 Rc6 20. Ba3 Re8 21. Kc2 f6 22. Qf2 Qf5+ 23. Kb2 e5 24. fxe5 fxe5 25. bxc4 dxc4 26. e4 Qd7 27. d5 Rf6 28. Qc2 Rxf3 29. Rg2 Nf4 30. Rd2 Nd3+ 31. Rxd3 Rxd3 32. Re2 Qb5+ 33. Ka1 Bf8 34. Bc1 Bc5 35. Nb2 Rf3 36. Nd1 Qa5 37. Qd2 Rd3 38. Qc2 Rf8 39. Re1 Rff3 40. Bb2 b5 41. h4 Qd8 42. Rh1 Qf6 43. Qg2 Qf4 44. h5 g5 45. Kb1 h6 46. Bc1 Qg3 47. Qc2 Qg4 48. a4 Qxe4 49. axb5 axb5 50. Nb2 Rf2 0-1

[Event "Asker CC-ch Master"]
[Site "Asker"]
[Date "2016.01.11"]
[Round "1"]
[White "Aulin Jansson, Joran"]
[Black "Lilleseth, Eivind"]
[Result "1-0"]
[WhiteElo "2177"]
[BlackElo "1582"]
[PlyCount "103"]
[EventDate "2016.01.11"]
[EventType "swiss"]
[EventRounds "9"]
[EventCountry "NOR"]
[SourceTitle "EXT 2024"]
[Source "ChessBase"]
[SourceDate "2023.10.10"]
[SourceVersion "1"]
[SourceVersionDate "2023.10.10"]
[SourceQuality "1"]

1. e4 e5 2. Nf3 Nc6 3. Bb5 a6 4. Bxc6 dxc6 5. Nc3 Bd6 6. d4 Qe7 7. dxe5 Bxe5 8. Nxe5 Qxe5 9. 0-0 Nf6 10. h3 b6 11. Qf3 Bb7 12. Bf4 Qe7 13. Bg5 Qe6 14. Rfe1 0-0 15. Bxf6 Qxf6 16. Qxf6 gxf6 17. f3 Rfe8 18. Kf2 Re7 19. Rad1 Rae8 20. g4 Kg7 21. Kg3 Kg6 22. Kf4 Bc8 23. Re2 h6 24. Red2 Re5 25. Rd8 Kg7 26. R1d2 Kf8 27. Nd1 Ke7 28. R8d3 Re6 29. Ne3 Rd6 30. Rxd6 cxd6 31. Nc4 Rd8 32. Nxb6 Be6 33. b3 Rb8 34. Na4 Rb4 35. Nc3 Bc8 36. Ne2 a5 37. Nd4 Bd7 38. c4 Rb6 39. Rb2 Ra6 40. Rc2 Rb6 41. c5 Rb4 42. Nf5+ Bxf5 43. Kxf5 Rb5 44. Rc4 d5 45. exd5 cxd5 46. Rc1 Rb4 47. c6 Kd8 48. Rc5 Kc7 49. Rxa5 Kxc6 50. Ra6+ Rb6 51. Rxb6+ Kxb6 52. Kf4 1-0

[Event "Asker Host A"]
[Site "Asker"]
[Date "2015.12.07"]
[Round "9"]
[White "Lilleseth, Eivind"]
[Black "Rostad, Rolf"]
[Result "0-1"]
[WhiteElo "1754"]
[BlackElo "1857"]
[PlyCount "84"]
[EventDate "2015.08.31"]
[EventType "tourn"]
[EventRounds "9"]
[EventCountry "NOR"]
[SourceTitle "EXT 2018"]
[Source "ChessBase"]
[SourceDate "2017.10.13"]
[SourceVersion "1"]
[SourceVersionDate "2017.10.13"]
[SourceQuality "1"]

1. f4 d5 2. Nf3 Nf6 3. e3 Bg4 4. Be2 Bxf3 5. Bxf3 Nbd7 6. b3 e5 7. fxe5 Nxe5 8. Bb2 Bd6 9. Nc3 c6 10. Qe2 Qe7 11. a3 0-0-0 12. d4 Nxf3+ 13. gxf3 Rhe8 14. Kd2 Qc7 15. Qf2 Re6 16. Rae1 Rde8 17. Re2 Nh5 18. Rhe1 f5 19. Kd1 Qe7 20. a4 Nf6 21. Bc1 Qf7 22. Bd2 R8e7 23. Qg2 Qe8 24. Na2 h6 25. Nc1 c5 26. dxc5 Bxc5 27. e4 dxe4 28. fxe4 fxe4 29. b4 Bd6 30. a5 Qd7 31. Nb3 Bxb4 32. Kc1 Bd6 33. Bc3 Nd5 34. Bd4 Nf4 35. Qf1 Nxe2+ 36. Qxe2 Qa4 37. Bxa7 Be5 38. Bc5 Rc7 39. Qg4 Rcc6 40. Qf5 Bf6 41. Qd5 Qa2 42. Qc4 Red6 0-1

[Event "Asker Host A"]
[Site "Asker"]
[Date "2015.10.05"]
[Round "4"]
[White "Lilleseth, Eivind"]
[Black "Enersen, Eirik S"]
[Result "1-0"]
[WhiteElo "1754"]
[BlackElo "1607"]
[PlyCount "77"]
[EventDate "2015.08.31"]
[EventType "tourn"]
[EventRounds "9"]
[EventCountry "NOR"]
[SourceTitle "EXT 2018"]
[Source "ChessBase"]
[SourceDate "2017.10.13"]
[SourceVersion "1"]
[SourceVersionDate "2017.10.13"]
[SourceQuality "1"]

1. f4 b6 2. b3 Bb7 3. Bb2 e6 4. e3 Qh4+ 5. g3 Qd8 6. Nf3 c5 7. Bg2 Nf6 8. Qe2 d5 9. d3 Be7 10. Nbd2 Nc6 11. a3 Qc7 12. Ne5 Qd8 13. 0-0 Bd6 14. Ndf3 0-0 15. Rad1 Nd7 16. Nxc6 Bxc6 17. g4 Qe7 18. d4 Rac8 19. a4 c4 20. g5 Ba3 21. Ba1 b5 22. bxc4 bxc4 23. a5 Qb4 24. h4 Qxa5 25. h5 Rb8 26. Nh4 g6 27. Qg4 Bb2 28. hxg6 hxg6 29. Nxg6 Rfe8 30. Ne5 Nxe5 31. fxe5 Kg7 32. Qh5 Re7 33. Bxb2 Rxb2 34. Qh6+ Kg8 35. Rf3 f6 36. gxf6 Rh7 37. Rg3+ Kf7 38. Qxh7+ Kf8 39. Qe7# 1-0

[Event "Asker Host A"]
[Site "Asker"]
[Date "2015.08.31"]
[Round "1"]
[White "Odegaard, Per"]
[Black "Lilleseth, Eivind"]
[Result "0-1"]
[WhiteElo "1919"]
[BlackElo "1754"]
[PlyCount "104"]
[EventDate "2015.08.31"]
[EventType "tourn"]
[EventRounds "9"]
[EventCountry "NOR"]
[SourceTitle "EXT 2018"]
[Source "ChessBase"]
[SourceDate "2017.10.13"]
[SourceVersion "1"]
[SourceVersionDate "2017.10.13"]
[SourceQuality "1"]

1. e4 e5 2. Nf3 Nc6 3. Bc4 Bc5 4. c3 Qe7 5. 0-0 d6 6. d4 Bb6 7. Bg5 Nf6 8. b4 Bd7 9. b5 Na5 10. Bd3 h6 11. Bh4 Bg4 12. dxe5 dxe5 13. Nbd2 Qe6 14. Qc2 Nd7 15. Bg3 f6 16. h3 Bh5 17. Nh4 0-0-0 18. Rae1 g5 19. Nf5 Bg6 20. Ne3 Nc5 21. Bc4 Nxc4 22. Nexc4 Nd3 23. Nxb6+ Qxb6 24. Re3 Nf4 25. c4 c5 26. bxc6 Qxc6 27. Rb1 Rd7 28. Rb5 Rc7 29. Qb2 Rd8 30. f3 Ne6 31. Bf2 Nd4 32. Rb4 b6 33. Nb3 Bf7 34. Rc3 a5 35. Nxa5 bxa5 36. Rb6 Qa4 37. Rb8+ Kd7 38. Rxd8+ Kxd8 39. Bxd4 exd4 40. Rd3 Rxc4 41. Qb8+ Ke7 42. e5 Qd7 43. exf6+ Kxf6 44. Qb6+ Kg7 45. Qxa5 Qd6 46. Rd1 Qd5 47. Qd2 Bg6 48. Re1 Rc2 49. Re7+ Kf6 50. Qe1 Rxa2 51. h4 d3 52. Rc7 Qd4+ 0-1

[Event "Asker CC-ch"]
[Site "Asker"]
[Date "2015.05.11"]
[Round "9"]
[White "Lilleseth, Eivind"]
[Black "Rambo, Jan Bjarne"]
[Result "0-1"]
[WhiteElo "1739"]
[BlackElo "1968"]
[PlyCount "74"]
[EventDate "2015.01.12"]
[EventType "tourn"]
[EventRounds "9"]
[EventCountry "NOR"]
[SourceTitle "EXT 2018"]
[Source "ChessBase"]
[SourceDate "2017.10.13"]
[SourceVersion "1"]
[SourceVersionDate "2017.10.13"]
[SourceQuality "1"]

1. f4 d5 2. Nf3 Bg4 3. e3 e6 4. Be2 c5 5. 0-0 Nc6 6. Bb5 f5 7. Qe1 Bxf3 8. Rxf3 Nf6 9. b3 Be7 10. Bb2 0-0 11. Bxc6 bxc6 12. d3 Nd7 13. Nd2 Bf6 14. d4 Re8 15. Qf2 cxd4 16. exd4 Nc5 17. c3 Ne4 18. Qe2 c5 19. dxc5 Nxc5 20. Rh3 g6 21. Nf3 Ne4 22. Ne5 Bxe5 23. fxe5 Qb6+ 24. Kf1 Rad8 25. Rd1 Qc5 26. Rdd3 Kg7 27. Qe1 g5 28. Qe2 h6 29. Rhe3 Kg6 30. g3 Qc7 31. c4 dxc4 32. Rxd8 Rxd8 33. Rxe4 fxe4 34. Qxe4+ Kg7 35. Ba3 Rd2 36. Qe3 c3 37. Bc5 Qb7 0-1

[Event "Asker CC-ch"]
[Site "Asker"]
[Date "2015.02.23"]
[Round "4"]
[White "Lilleseth, Eivind"]
[Black "Lindblom, Roar"]
[Result "0-1"]
[WhiteElo "1739"]
[BlackElo "1827"]
[PlyCount "100"]
[EventDate "2015.01.12"]
[EventType "tourn"]
[EventRounds "9"]
[EventCountry "NOR"]
[SourceTitle "EXT 2018"]
[Source "ChessBase"]
[SourceDate "2017.10.13"]
[SourceVersion "1"]
[SourceVersionDate "2017.10.13"]
[SourceQuality "1"]

1. f4 Nf6 2. b3 g6 3. Bb2 Bg7 4. Nf3 0-0 5. e3 d6 6. d3 c5 7. e4 Nc6 8. Qe2 e5 9. fxe5 Ng4 10. h3 Ngxe5 11. c3 f5 12. Nbd2 fxe4 13. dxe4 Nb4 14. cxb4 cxb4 15. 0-0-0 Be6 16. Nxe5 dxe5 17. Qe3 Bf6 18. Qe1 Qa5 19. Bc4 Bxc4 20. Nxc4 Qxa2 21. Qxb4 Bg5+ 22. Kc2 Rf2+ 23. Kc3 Rc8 24. Qa3 Qxa3 25. Bxa3 b5 26. Kb4 bxc4 27. bxc4 Rc2 28. Kb3 R2xc4 29. Rd7 a5 30. Rf1 a4+ 31. Ka2 R4c7 32. Rxc7 Rxc7 33. Rf2 Rc4 34. Re2 Bf4 35. Bd6 Kf7 36. Ba3 Ke6 37. Bb4 Bg5 38. g3 Rd4 39. h4 Be7 40. Bxe7 Kxe7 41. Re3 Kd6 42. Kb2 Kc5 43. Kc3 Kb5 44. Re1 Kc5 45. Re3 h6 46. Re1 Rb4 47. g4 Rb3+ 48. Kc2 Kd4 49. g5 hxg5 50. hxg5 Re3 0-1

[Event "Asker CC-ch"]
[Site "Asker"]
[Date "2015.01.26"]
[Round "2"]
[White "Lilleseth, Eivind"]
[Black "Odegaard, Per"]
[Result "1-0"]
[WhiteElo "1739"]
[BlackElo "1958"]
[PlyCount "123"]
[EventDate "2015.01.12"]
[EventType "tourn"]
[EventRounds "9"]
[EventCountry "NOR"]
[SourceTitle "EXT 2018"]
[Source "ChessBase"]
[SourceDate "2017.10.13"]
[SourceVersion "1"]
[SourceVersionDate "2017.10.13"]
[SourceQuality "1"]

1. f4 e5 2. fxe5 d6 3. Nf3 dxe5 4. e4 Nc6 5. Bb5 Bc5 6. Bxc6+ bxc6 7. d3 h6 8. Qe2 Qe7 9. Be3 Rb8 10. b3 Bg4 11. Nbd2 Nf6 12. 0-0 0-0 13. Qf2 Bb6 14. Nc4 Bxf3 15. Qxf3 Nd7 16. Kh1 Qe6 17. Qg3 Kh7 18. Rf3 f5 19. Qh3 Rbe8 20. exf5 Qd5 21. Qh5 e4 22. Qg6+ Kh8 23. Rg3 Bd4 24. Rf1 Re6 25. f6 Re7 26. Rf5 Rxf6 27. Rxf6 Bxf6 28. Rh3 exd3 29. cxd3 Nf8 30. Qg4 Qxd3 31. Qf3 Qb1+ 32. Bg1 Re1 33. Qf2 Rf1 34. Qe3 Ne6 35. Nd2 Bd4 36. Nxb1 Bxe3 37. Rxe3 Nd4 38. Nd2 Rd1 39. Nf3 Nf5 40. Rc3 Nd6 41. g3 g5 42. g4 Ne4 43. Rc2 Rd6 44. Bd4+ Kg8 45. Be5 Rd3 46. Kg2 h5 47. h3 hxg4 48. hxg4 Rd5 49. Bxc7 Nc5 50. Bb8 Ne6 51. Rxc6 Kf7 52. Bxa7 Ra5 53. Bf2 Rxa2 54. Ne5+ Kf6 55. Nd3 Ke7 56. Nc5 Nf4+ 57. Kf3 Rc2 58. Be3 Rc3 59. Ke4 Nd3 60. Bxg5+ Kf7 61. Rf6+ Kg7 62. Nxd3 1-0

[Event "Asker CC-ch"]
[Site "Asker"]
[Date "2015.01.12"]
[Round "1"]
[White "Aulin Jansson, Joran"]
[Black "Lilleseth, Eivind"]
[Result "1-0"]
[WhiteElo "2181"]
[BlackElo "1739"]
[PlyCount "73"]
[EventDate "2015.01.12"]
[EventType "tourn"]
[EventRounds "9"]
[EventCountry "NOR"]
[SourceTitle "EXT 2018"]
[Source "ChessBase"]
[SourceDate "2017.10.13"]
[SourceVersion "1"]
[SourceVersionDate "2017.10.13"]
[SourceQuality "1"]

1. e4 e6 2. d4 d5 3. Nc3 Nf6 4. e5 Nfd7 5. f4 a6 6. Nf3 c5 7. Ne2 b6 8. c3 Bb7 9. g4 Be7 10. Ng3 Nc6 11. Bd3 Qc7 12. 0-0 c4 13. Bc2 b5 14. f5 h6 15. Ne2 0-0-0 16. Nf4 Nf8 17. b4 Kb8 18. a4 Bc8 19. Nh5 g6 20. Ng3 gxf5 21. gxf5 f6 22. Bf4 Kb7 23. Qe2 h5 24. exf6 Bd6 25. Bxd6 Qxd6 26. Ne5 Nxe5 27. dxe5 Qb6+ 28. Qf2 h4 29. Ne2 exf5 30. axb5 axb5 31. Ra5 Rh5 32. Nd4 Bd7 33. Rfa1 Rg5+ 34. Kf1 Ne6 35. Ra7+ Kb8 36. Ra8+ Kb7 37. R1a7+ 1-0

[Event "Asker op"]
[Site "Asker"]
[Date "2014.11.10"]
[Round "7"]
[White "Lilleseth, Eivind"]
[Black "Erlendson, Audun"]
[Result "1-0"]
[WhiteElo "1555"]
[BlackElo "1346"]
[PlyCount "87"]
[EventDate "2014.09.01"]
[EventType "swiss"]
[EventRounds "9"]
[EventCountry "NOR"]
[SourceTitle "EXT 2017"]
[Source "ChessBase"]
[SourceDate "2016.10.25"]
[SourceVersion "1"]
[SourceVersionDate "2016.10.25"]
[SourceQuality "1"]

1. f4 e5 2. fxe5 d6 3. Nf3 Bg4 4. e4 dxe5 5. b3 Bd6 6. Bc4 h5 7. h3 Bd7 8. Bb2 Nc6 9. Qe2 f6 10. d3 Nge7 11. Nbd2 g5 12. Rf1 Ng6 13. Qf2 Rf8 14. 0-0-0 Qe7 15. Kb1 0-0-0 16. Bd5 Bc5 17. d4 Nxd4 18. Nxd4 Bxd4 19. Bxd4 exd4 20. Bc4 c5 21. a4 h4 22. Rfe1 Qd6 23. Kb2 f5 24. exf5 Bxf5 25. Qe2 Qf6 26. Bd3 Nf4 27. Bxf5+ Qxf5 28. Qf3 Nd5 29. Qe4 Ne3 30. Rc1 Qxe4 31. Nxe4 b6 32. Nxg5 Rg8 33. Nf3 Nxg2 34. Re4 Rde8 35. Rxe8+ Rxe8 36. Rg1 Re3 37. Rf1 Re2 38. Ng1 Ne3 39. Rf8+ Kb7 40. Nxe2 a6 41. Kc1 b5 42. axb5 axb5 43. Rf6 c4 44. Nxd4 1-0

[Event "Asker op"]
[Site "Asker"]
[Date "2014.09.08"]
[Round "2"]
[White "Odegaard, Per Chr"]
[Black "Lilleseth, Eivind"]
[Result "1-0"]
[WhiteElo "1693"]
[BlackElo "1555"]
[PlyCount "49"]
[EventDate "2014.09.01"]
[EventType "swiss"]
[EventRounds "9"]
[EventCountry "NOR"]
[SourceTitle "EXT 2017"]
[Source "ChessBase"]
[SourceDate "2016.10.25"]
[SourceVersion "1"]
[SourceVersionDate "2016.10.25"]
[SourceQuality "1"]

1. e4 e5 2. Nf3 Nc6 3. Bc4 h6 4. d4 Bd6 5. dxe5 Nxe5 6. Nxe5 Bxe5 7. Bxf7+ Kxf7 8. Qd5+ Kf8 9. Qxe5 d6 10. Qg3 Nf6 11. Nc3 Kf7 12. Be3 Re8 13. 0-0-0 Qe7 14. Bd4 Kg8 15. f4 Be6 16. Rhe1 Qf7 17. f5 Bd7 18. Bxf6 Qxf6 19. Nd5 Qd8 20. f6 g5 21. h4 Re5 22. hxg5 Rxg5 23. Qh4 Qf8 24. e5 dxe5 25. Ne7+ 1-0

[Event "Asker Autumn"]
[Site "Asker"]
[Date "2013.09.16"]
[Round "2"]
[White "Lilleseth, Eivind"]
[Black "Utseth, Mikhail"]
[Result "0-1"]
[WhiteElo "1599"]
[BlackElo "1452"]
[PlyCount "124"]
[EventDate "2013.09.16"]
[EventType "tourn"]
[EventRounds "9"]
[EventCountry "NOR"]
[SourceTitle "EXT 2023"]
[Source "ChessBase"]
[SourceDate "2022.10.05"]
[SourceVersion "1"]
[SourceVersionDate "2022.10.05"]
[SourceQuality "1"]

1. f4 e6 2. Nf3 Be7 3. e3 b6 4. Bc4 Bh4+ 5. g3 Be7 6. Qe2 Bb7 7. Rf1 d5 8. Bb3 Nf6 9. d3 Nbd7 10. Nbd2 Nc5 11. Ne5 a5 12. c3 h5 13. Bc2 Ba6 14. Nc6 Qd6 15. Nxe7 Qxe7 16. Nf3 0-0-0 17. Ne5 Bb5 18. b3 Nfd7 19. Nf3 Ba6 20. Nd4 Kb7 21. Bb2 h4 22. g4 h3 23. 0-0-0 e5 24. Nf5 Qe8 25. Qf3 c6 26. Kb1 e4 27. Qe2 g6 28. Ng3 exd3 29. Bxd3 Bxd3+ 30. Rxd3 Nxd3 31. Qxd3 Nc5 32. Qc2 Qe7 33. Re1 Ne4 34. Rg1 Nxg3 35. Rxg3 Qe4 36. Bc1 Rde8 37. Kb2 Qxc2+ 38. Kxc2 Re4 39. g5 c5 40. Kd3 b5 41. Bb2 Rh7 42. Ba1 a4 43. Bb2 axb3 44. axb3 Kc6 45. Bc1 Re7 46. c4 Ra7 47. cxd5+ Kxd5 48. e4+ Ke6 49. Bb2 Rh4 50. Rf3 Ra2 51. Kc2 c4 52. b4 Rg4 53. Kb1 Rxb2+ 54. Kxb2 Rg2+ 55. Kc3 Rxh2 56. Kd4 Kd6 57. e5+ Kc6 58. f5 Rd2+ 59. Ke4 h2 60. Rh3 gxf5+ 61. Kxf5 Kd5 62. Kf4 c3 0-1